Library statistics of colleges and universities, 1985 : national summaries, state summaries, institutional tables /

Bibliographic Details
Corporate Author: National Center for Education Statistics
Format: Book
Language:English
Published: Chicago, Il : Association of College and Research Libraries, American Library Association, 1987.
Subjects:

MARC

Tag First Indicator Second Indicator Subfields
LEADER 00000cam a2200000 a 4500
001 in00000009893
005 20151007051600.0
008 870902s1987 ilu s 00000 eng d
020 |a 0838971474 
035 |a (OCoLC)16634899 
035 |9 AAA3725AM 
040 |a VRU  |c VRU  |d TXA  |d UtOrBLW 
049 |a TXAM  |c [A12604914] 
050 4 |a Z675.U5  |b L537 1987 
245 0 0 |a Library statistics of colleges and universities, 1985 :  |b national summaries, state summaries, institutional tables /  |c data gathered by the Center for Education Statistics, U. S. Dept. of Education. 
264 1 |a Chicago, Il :  |b Association of College and Research Libraries, American Library Association,  |c 1987. 
300 |a v, 240 pages ;  |c 28 cm. 
336 |a text  |b txt  |2 rdacontent 
337 |a unmediated  |b n  |2 rdamedia 
338 |a volume  |b nc  |2 rdacarrier 
650 0 |a Academic libraries  |z United States  |v Statistics. 
710 2 |a National Center for Education Statistics. 
999 |a MARS 
999 f f |s a4fd1429-b7aa-34bd-a308-2652a52c6c5b  |i 3a3c6462-63e3-3ed9-8709-82053149c140  |t 0 
952 f f |p ric  |a Texas A&M University  |b Rellis Campus  |c Joint Library Facility  |d Remote Storage  |t 0  |e Z675.U5 L537 1987  |h Library of Congress classification  |i unmediated -- volume  |m A14812604914 
998 f f |a Z675.U5 L537 1987  |t 0  |l Remote Storage